Oh noisy bells, be dumb: church bells, statutory nuisance and ecclesiastical duties (Record no. 6190)

MARC details
000 -LEADER
fixed length control field 00949cab a2200277 4500
001 - CONTROL NUMBER
control field ABS54328
008 - FIXED-LENGTH DATA ELEMENTS--GENERAL INFORMATION
fixed length control field 090401t1995 xxu||||| |||| 00| 0 eng d
035 ## - SYSTEM CONTROL NUMBER
System control number (Sirsi) u9839
041 ## - LANGUAGE CODE
Language code of text/sound track or separate title eng
100 ## - MAIN ENTRY--PERSONAL NAME
Personal name Thomas, S.
245 ## - TITLE STATEMENT
Title Oh noisy bells, be dumb: church bells, statutory nuisance and ecclesiastical duties
260 ## - PUBLICATION, DISTRIBUTION, ETC.
Date of publication, distribution, etc. 1995
350 ## - PRICE (NR) (BK AM CF MU VM SE) [OBSOLETE]
Price 0
490 ## - SERIES STATEMENT
Series statement Journal of Planning and Environment Law
Volume/sequential designation December 1995, 1097-1105(9)
520 ## - SUMMARY, ETC.
Summary, etc. Considers church-bell ringing as a noise nuisance under the Environmental Protection Act 1990 as well as statutory obligations of clergymen under ecclesiastical law. Relevant case law discussed.
650 ## - SUBJECT ADDED ENTRY--TOPICAL TERM
Topical term or geographic name entry element BELL RINGING
650 ## - SUBJECT ADDED ENTRY--TOPICAL TERM
Topical term or geographic name entry element CHURCH BELLS
650 ## - SUBJECT ADDED ENTRY--TOPICAL TERM
Topical term or geographic name entry element COMMON LAW
650 ## - SUBJECT ADDED ENTRY--TOPICAL TERM
Topical term or geographic name entry element ECCLESIASTICAL
650 ## - SUBJECT ADDED ENTRY--TOPICAL TERM
Topical term or geographic name entry element NOISE NUISANCE
650 ## - SUBJECT ADDED ENTRY--TOPICAL TERM
Topical term or geographic name entry element STATUTORY OBLIGATIONS
690 ## - LOCAL SUBJECT ADDED ENTRY--TOPICAL TERM (OCLC, RLIN)
Topical term or geographic name as entry element ENVIRONMENTAL AND LAND CONSULTANCY
700 ## - ADDED ENTRY--PERSONAL NAME
Personal name Watkin, T.G.
942 ## - ADDED ENTRY ELEMENTS (KOHA)
Suppress in OPAC 0
948 ## - LOCAL PROCESSING INFORMATION (OCLC); SERIES PART DESIGNATOR (RLIN)
c (OCLC) 04/03/1997
Holdings
Withdrawn status Lost status Source of classification or shelving scheme Damaged status Not for loan Home library Current library Shelving location Date acquired Total Checkouts Full call number Barcode Date last seen Copy number Price effective from Koha item type
    Dewey Decimal Classification     London London Journal article 14/09/1999   ABS54328 9839-1001 06/08/2019 1 06/08/2019 Journal article